The 10 Second Customer Journey: The CXO’s Playbook for Growing and Retaining Customers in a Digital World (Record no. 43613)

MARC details
000 -LEADER
fixed length control field 00549nam a22001697a 4500
005 - DATE AND TIME OF LATEST TRANSACTION
control field 20250416145458.0
008 - FIXED-LENGTH DATA ELEMENTS--GENERAL INFORMATION
fixed length control field 250411b |||||||| |||| 00| 0 eng d
020 ## - INTERNATIONAL STANDARD BOOK NUMBER
International Standard Book Number 9781788605038
041 ## - LANGUAGE CODE
Language code of text/sound track or separate title eng
082 ## - DEWEY DECIMAL CLASSIFICATION NUMBER
Classification number 658.812 UNG
100 ## - MAIN ENTRY--PERSONAL NAME
Author Unger, Todd
245 ## - TITLE STATEMENT
Title The 10 Second Customer Journey: The CXO’s Playbook for Growing and Retaining Customers in a Digital World
260 ## - PUBLICATION, DISTRIBUTION, ETC.
Place Great Britain
Publisher Practical Inspiration Publishing
Publication Year 2024
300 ## - PHYSICAL DESCRIPTION
Extent 165;. pages 22 cm
650 ## - SUBJECT ADDED ENTRY--TOPICAL TERM
Subject Business; Marketing; Customer Relations
942 ## - ADDED ENTRY ELEMENTS (KOHA)
Koha item type Books
Holdings
Withdrawn status Lost status Source of classification or shelving scheme Damaged status Not for loan Home library Current library Shelving location Accession Date Vendor Price Bill number Total Checkouts Full call number Barcode No Date last seen Date last checked out Discount Bill Date Koha item type Suggested By
    Dewey Decimal Classification     IMTN IMTN Rack 37-A 03/28/2025 Raghav Books Private Limited 1890.99 2374 2 658.812 UNG 33879 07/31/2025 07/19/2025 33 02/14/2025 Books Mr. Shridhar Rao
Designed & Maintained by: LRC IMT Nagpur Contact: lrc@imtnag.ac.in© 2024. All Rights Reserved.